000 00715nam a2200241 i 4500
001 bg
245 1 0 _aThe Shellcoder's handbook :
_bedycja polska /
_cJack Koziol [et al. ; tł. Jaromir Senczyk].
260 _aGliwice :
_b"Helion",
_c2004.
300 _a560 s. ;
_c24 cm.
504 _aIndeks.
650 9 _aSystemy operacyjne
_xochrona
655 _aPodręczniki
700 1 _aKOZIOL, Jack
700 1 _aSENCZYK, Jaromir.
_eTł.
020 _a8373615970
040 _cBPK
041 1 _apol
_heng
080 _a004.451:004.056](07)
920 _a83-7361-597-0
942 _cKS
008 s pl f |000 0 pol
999 _c45178
_d45178